000 00507nam a22001697a 4500
999 _c9135
_d9135
008 210325b ||||| |||| 00| 0 eng d
040 _aBMS College of Architecture
100 _aRojoa, Hasaan, Jaleel
245 _aCommonwealth games park Delhi
300 _a39p.
500 _a1BM05AT012
502 _8B.Arch
_NBMS College of Architecture, Visvesvaraya Technological University
_aProject report
_d2010
650 _aDelhi
700 _aK Manjula
_eGuide
700 _aPushpa D
_eGuide
942 _2ddc
_cTHE